Spektrálne vlastnosti výtlačkov laserových tlačiarní
Na minha lista:
| Autor principal: | |
|---|---|
| Outros Autores: | |
| Formato: | Manuscrito Livro |
| Idioma: | eslovaco |
| Publicado em: |
2015
|
| Assuntos: | |
| Acesso em linha: | http://is.stuba.sk/zp/portal_zp.pl?podrobnosti=113177 |
| Tags: |
Sem tags, seja o primeiro a adicionar uma tag!
|
MARC
| LEADER | 00000ntm a22000003a 4500 | ||
|---|---|---|---|
| 001 | stuzp51502 | ||
| 003 | SK-STU | ||
| 005 | 20160719153857.3 | ||
| 007 | ta | ||
| 008 | 150427s2015----xo-----f-mn---000-0-slo-d | ||
| 040 | |a STU |b slo | ||
| 041 | 0 | |a slo | |
| 100 | 1 | |a Baráthová, Ágnes |u 049160 |4 aut |U FCHPT Ústav prírodných a syntetických polymérov |T FCHPT Oddelenie polygrafie a aplikovanej fotochémie |X 43412 |U C9160 |Y 127 |7 43412 | |
| 242 | 0 | 1 | |a Spectral Properties of Laser Printer Prints |y eng |
| 245 | 1 | 0 | |a Spektrálne vlastnosti výtlačkov laserových tlačiarní |
| 260 | |c 2015 | ||
| 650 | 4 | |a laserová tlač |2 slo | |
| 650 | 4 | |a toner |2 slo | |
| 650 | 4 | |a svetelné starnutie tonerov |2 slo | |
| 650 | 4 | |a FTIR spektrá tonerov |2 slo | |
| 650 | 4 | |a starnutie tonerov |2 slo | |
| 650 | 4 | |a toner |2 eng | |
| 650 | 4 | |a laser printing |2 eng | |
| 650 | 4 | |a ageing of toner |2 eng | |
| 650 | 4 | |a light ageing of toner |2 eng | |
| 650 | 4 | |a FTIR spectra of toners |2 eng | |
| 700 | 1 | |a Čeppan, Michal, |d 1952- |4 ths |X 3317 |7 A000003317 | |
| 856 | 4 | |u http://is.stuba.sk/zp/portal_zp.pl?podrobnosti=113177 | |
| SQL | |a stuzp51502 |b DDP |c SLO |d Spektrálne vlastnosti výtlačkov laserových tlačiarní |e 43412 |f Baráthová, Ágnes |g 049160 |h 3317 |i Čeppan, Michal |j 20150610 |k 542 |l 04 |m http://is.stuba.sk/zp/portal_zp.pl?podrobnosti=113177 |n I-PSP |o 5.2.18. chemické technológie | ||